000 00308nam a22001337a 4500
008 170830b xxu||||| |||| 00| 0 eng d
020 _a9780071342148
041 _aeng
080 _a070
100 _a40
101 _aMED
245 _aDID I EVER TELL YOU ABOUT THE TIME..
_cROBINSON,G.J
942 _2udc
_cBK
999 _c25617
_d25617